How to live on 24 hours a day / (Record no. 126207)
[ view plain ]
| 000 -LEADER | |
|---|---|
| fixed length control field | 00647nam a22002177a 4500 |
| 005 - DATE AND TIME OF LATEST TRANSACTION | |
| control field | 20170124110006.0 |
| 010 ## - LIBRARY OF CONGRESS CONTROL NUMBER | |
| LC control number | A-609465 |
| 020 ## - INTERNATIONAL STANDARD BOOK NUMBER | |
| Terms of availability | 00.00 |
| 035 ## - SYSTEM CONTROL NUMBER | |
| System control number | A-609465 |
| 037 ## - SOURCE OF ACQUISITION | |
| Source of stock number/acquisition | Cen Lib/Ret |
| 040 ## - CATALOGING SOURCE | |
| Original cataloging agency | DPL |
| Language of cataloging | EN |
| 082 ## - DEWEY DECIMAL CLASSIFICATION NUMBER | |
| Classification number | 304.23 |
| Item number | BEN |
| 100 ## - MAIN ENTRY--PERSONAL NAME | |
| Personal name | Bennett, Arnold |
| 9 (RLIN) | 16924 |
| 245 ## - TITLE STATEMENT | |
| Title | How to live on 24 hours a day / |
| Statement of responsibility, etc | by Arnold Bennett |
| 260 ## - PUBLICATION, DISTRIBUTION, ETC. (IMPRINT) | |
| Place of publication, distribution, etc | Bombay |
| Name of publisher, distributor, etc | D. B. Taraporevala Sons and Co. |
| Date of publication, distribution, etc | 1986 |
| 270 ## - ADDRESS | |
| Address | 210 Dr. Dadabhai Naroji, Road |
| City | Bombay |
| 300 ## - PHYSICAL DESCRIPTION | |
| Extent | xvi,71p. |
| Dimensions | 18cm(Hb) |
| 650 ## - SUBJECT ADDED ENTRY--TOPICAL TERM | |
| Topical term or geographic name as entry element | Time management |
| 9 (RLIN) | 16925 |
| 650 ## - SUBJECT ADDED ENTRY--TOPICAL TERM | |
| Topical term or geographic name as entry element | Self-actualization (Psychology) |
| 9 (RLIN) | 16926 |
| 942 ## - ADDED ENTRY ELEMENTS (KOHA) | |
| Source of classification or shelving scheme | Dewey Decimal Classification |
| Koha item type | English Books |
| Classification part | 304.23 |
| Call number suffix | BEN |
| Withdrawn status | Lost status | Damaged status | Not for loan | Home library | Current library | Date acquired | Source of acquisition | Cost, normal purchase price | Total Checkouts | Full call number | Barcode | Date last seen | Copy number | Cost, replacement price | Price effective from | Koha item type | Public note |
|---|---|---|---|---|---|---|---|---|---|---|---|---|---|---|---|---|---|
| Written off | Central Library | Central Library | 24/06/2015 | Cen Lib/Ret | 0.00 | 304.23 BEN | A-609465 | 24/06/2015 | 1 | 0.00 | 24/06/2015 | English Books | W/d list no. 6839/17 |
